00649nam a2200169 a 450000100100000000500170001000800410002704000250006824500430009326000320013630000230016849000240019150001100021583000310032595201060035699900170046200003875220201002031347.0130419s1979 ag 000 0 spa d aDO-SdBNPbspacBNPHU03aLa filocalia de la oración de Jesus. aArgentina :bLumen ,c1979. a218 p. : ;c20 cm.1 aColección Ichthys aTraducción realizada por el equipo de Editorial Lumen sobre textos de la "Patrología Griega" de Migne 0aColección Ichthys965051 0010507-18MOaGRbGRcOId2013-04-19iLF1l0o p38752-10r2020-06-25w2020-06-25y1ZNo se presta c38242d38242